00677nam a2200193 a 450000500170000000800410001704000270005804100080008504400080009308200180010110000190011924501570013826000840029530000290037965000180040865000190042665000190044570000190046420180803165327.0160118t1994 xxu||||gr|||| 00| 0 spa d aCO-BoIAVH cCO-BoIAVH  aspa axxu 4a333.707bB78r1 aBowles, Ian A.1 aReframing the green windowban analysis of the GEF pilot phase approach to biodiversity and global warming and recommendations for the operational phase aWashingtonbConservation InternacionalbNatural Resources Defense Councilc1994 a133 paginas.c27 x 21 cm 6aBiodiversidad 6aMedio ambiente 6aAlarma global 1 aPricktt, Glenn